| 000 | 00000nam##2200000za#4500 |
| 001 | 9.640947 |
| 003 | CaOODSP |
| 005 | 20210624222922 |
| 007 | cr ||||||||||| |
| 008 | 150407|1998||||xxc|||||o f|0| 0 fre|d |
| 040 | |aCaOODSP|bfre |
| 043 | |an-cn--- |
| 086 | 1 |aH39-423/5-1998F-PDF |
| 110 | 1 |aCanada. |bSanté Canada. |
| 245 | 10|aRessources d'action communautaire pour les Inuit, les Métis et les Premières Nations : |h[ressource électronique]|bla planification |
| 260 | |aOttawa - Ontario : |bSanté Canada |c[1998]. |
| 300 | |a46p.|bill. en couleur, figures (certaines en couleur), tableaux |
| 520 | 3 |a« Cette formation vise à vous sensibiliser à la planification. Elle vous aidera à en comprendre l’importance, les étapes de sa réalisation et comment appliquer la planification dans la réalité. »--Page 10. |
| 590 | |a12-43-Supp|b2012-12-07 |
| 691 | 07|aAutochtones|2gcpds |
| 691 | 07|aDéveloppement communautaire|2gcpds |
| 691 | 07|aInuit|2gcpds |
| 691 | 07|aMétis|2gcpds |
| 775 | 08|tCommunity action resources for Inuit, Métis and First Nations : |w(CaOODSP)9.696848 |
| 856 | 40|ahttp://publications.gc.ca|qPDF|s542 Ko|uhttps://publications.gc.ca/collections/Collection/H39-423-5-1998F.pdf |